Rozhodovanie medzi lízingom a úverom

Financovanie investícií prostredníctvom lízingu ako osobitná forma úverového financovania. Rozdiely medzi spôsobmi financovania. Financovanie lízingom. Financovanie investičného majetku z úveru. Reálny peňažný tok pri financovaní investičného majetku z bankového úveru.

Enregistré dans:
Détails bibliographiques
Auteur principal: Miková, Oľga
Format: Chapitre de livre
Langue:slovaque
Sujets:
Tags: Ajouter un tag
Pas de tags, Soyez le premier à ajouter un tag!

MARC

LEADER 00000naa a2200000 4500
001 r038686
005 20230809073757.1
041 0 |a slo 
044 |a SK 
245 1 0 |a Rozhodovanie medzi lízingom a úverom  |c Oľga Miková 
520 |a Financovanie investícií prostredníctvom lízingu ako osobitná forma úverového financovania. Rozdiely medzi spôsobmi financovania. Financovanie lízingom. Financovanie investičného majetku z úveru. Reálny peňažný tok pri financovaní investičného majetku z bankového úveru. 
610 2 0 |a lízing 
610 2 0 |a zdroje finančné cudzie 
610 2 0 |a úver bankový 
610 2 0 |a financovanie investícií 
610 2 0 |a majetok investičný 
100 1 |a Miková, Oľga